000 00964nam a22002537a 4500
001 13138
003 HDC
007 cr bn ---
008 210212 my |0 eneng
040 _aHDC
100 _a Kersten, Wolfgang
_eauthor
_913967
245 0 _aProceedings of the Hamburg International Conference of Logistics (HICL) - 20 :
_bInnovations and Strategies for Logistics and Supply Chains /
_cby Wolfgang Kersten, Thorsten Blecker and Christian M. Ringle (Eds.)
260 _aBerlin :
_bepubli GmbH,
_c2015
300 _a600 pages
336 _atext
_2rdacontent
337 _acomputer
_2rdamedia
338 _aonline resource
_2rdacarrier
650 _aLogistics
_9782
650 _aSupply Chains
_913968
856 _zRequest full-text at [email protected]
942 _2lcc
942 _cEBOOK
942 _kEBOK 002079
999 _c10454
_d10454